000 00499nam a22001937a 4500
003 CEME
005 20210628202947.0
008 210212b xxu||||| |||| 00| 0 eng d
020 _a0-333-74013-0
040 _c.
082 _a621.4023 STO
100 _aStone, Richard
_962556
245 _aIntroduction to internal combustion engines
250 _a3RD
260 _aLONDON
_bMACMILLIAN PRESS
_c1999
300 _aXVII,641P
650 _aINTERNAL COMBUSTION ENGINES
_920760
942 _cBK
_2ddc
999 _c571633
_d571633